00893nam a2200217 i 4500001000700000003000900007005001700016007000300033008004100036100003100077245018600108260003100294300002200325650002700347700003600374700003600410700005600446852003200502999001900534952012200553133771ES-MaACL20250902055926.0t|070828s1970 sp ||||1| spa d1 aWoot, Philippe de.911736610aDoctrina de la empresa / cPhilippe de Woot ; prefacio de José Manuel González Páramo ; prólogo de François Bloch-Lainé ; [versión... por Juan Andrés Iglesias Sanz]. aMadrid : bRialp, c[1970] a338 p. ; c24 cm.17aEmpresas2embne9122091 aBloch-Laine, François.9295230 aIglesias, Juan Andrés.9650841 aGonzález Páramo, José Manuel, d1927-9152414 aES-MaACLjC-44564 bR.74894 c133771d133771 00104070aATENEOMbATENEOMcDEPO2d2008-01-17eSCl0oC-44564p1139253r2023-02-23 00:00:00w2023-02-23yMONOGRAFIA